Christmas Quiz - Statistics

General Stats
  • This quiz has been taken 127 times
  • The average score is 10 of 15
Answer Stats
Hint Answer % Correct
Who brings presents to good children? Santa
97%
How many days of Christmas are there? 12
94%
What is a plant do people kiss under? Mistletoe
94%
What colour is Rudolph's nose? red
92%
Who stole Christmas? The Grinch
91%
What do bad children get from him in England? Coal
89%
Where was Jesus born? Bethlehem
82%
What colour berries does this plant have? White
73%
What Christmas plant is also a common girl's name? Holly
63%
What is the period before Christmas called in the Christian religion? Advent
53%
Where did he steal christmas from? Whoville
47%
How many gifts does a true love give? 78
43%
What day is Christmas (English format)? 25th December
34%
What was Mary's sister called? Elizabeth
18%
What size was the above answers heart? 2 sizes too small
9%
No matching quizzes found
Score Distribution
Percent of People with Each Score
Percentile by Number Answered
Your Score History
You have not taken this quiz